A House for MR Biswas Introduction by Karl Miller (Record no. 960531)

MARC details
000 -LEADER
fixed length control field 00680nam a2200253Ia 4500
003 - CONTROL NUMBER IDENTIFIER
control field OSt
005 - DATE AND TIME OF LATEST TRANSACTION
control field 20221005052518.0
008 - FIXED-LENGTH DATA ELEMENTS--GENERAL INFORMATION
fixed length control field 221004b |||||||| |||| 00| 0 eng d
020 ## - INTERNATIONAL STANDARD BOOK NUMBER
International Standard Book Number 1857152131
037 ## - SOURCE OF ACQUISITION
Terms of availability Textual
040 ## - CATALOGING SOURCE
Original cataloging agency CRL
Transcribing agency CRL
Language of cataloging eng
041 ## - LANGUAGE CODE
Source of code eng
Language code of text/sound track or separate title eng
100 ## - MAIN ENTRY--PERSONAL NAME
Personal name Naipaul V. S.
245 #0 - TITLE STATEMENT
Title A House for MR Biswas Introduction by Karl Miller
260 ## - PUBLICATION, DISTRIBUTION, ETC.
Place of publication, distribution, etc. London
Name of publisher, distributor, etc. David campbell UK
Date of publication, distribution, etc. 1995
300 ## - PHYSICAL DESCRIPTION
Extent 564p.
Dimensions cm.
650 ## - SUBJECT ADDED ENTRY--TOPICAL TERM
Topical term or geographic name entry element ENGLISH LITERATURE
942 ## - ADDED ENTRY ELEMENTS (KOHA)
Classification part O111,3N27,2, N5
Koha item type Textual
Source of classification or shelving scheme
Holdings
Withdrawn status Lost status Damaged status Not for loan Home library Current library Date acquired Total Checkouts Full call number Barcode Date due Date last seen Date last checked out Price effective from Koha item type
        Central Library Central Library 2022-10-05 5 O111,3N27,2 N5 CL1233269 2024-11-23 2026-01-07 2026-01-07 2022-10-05 Textual
Copyright @ Delhi University Library System